000 00461nam a2200145Ia 4500
003 OSt
005 20260128104705.0
008 211028s2017 xx 000 0 und d
040 _cAIMIT LIBRARY
041 _aeng
100 _aJoy, Sneha; Nazareth, Theresa.
_g1516160
_97733
245 _aExamining organisational role stress and coping mechanism with special reference to cochin port trust /
260 _aMangalore
_bTeresa Nazareth
_c2017
942 _2ddc
_cPRO
999 _c219301
_d219301